| 000 | 00691nam a22002057a 4500 | ||
|---|---|---|---|
| 003 | OSt | ||
| 005 | 20260128023257.0 | ||
| 008 | 260128b |||||||| |||| 00| 0 eng d | ||
| 040 |
_aDWC-Main lib _cOC |
||
| 082 | _aFil. 371.32 C822p 2003 | ||
| 100 | _aCorpuz, B. | ||
| 245 |
_aPrinciples and strategies of teaching _cCorpuz, Brenda B. |
||
| 260 |
_aQuezon City : _b Lorimar Publishing, _cc2003 |
||
| 300 |
_a126 pages ; _c25 cm. |
||
| 504 | _aIncludes bibliography | ||
| 650 | _a1. Education - study and teaching | ||
| 650 | _a2. Education - Study and teaching. | ||
| 650 | _a3. Teaching | ||
| 942 |
_2ddc _cBK - FIL _hFil. 371.32 C822p 2003 _kFil. _n0 |
||
| 999 |
_c7879 _d7879 |
||